000 00729nam a2200193 a 4500
008 120416s1984 ||||||||||||||||| || u
020 _a0713134712
050 _aTJ 170 Han
100 _aHannah, J
245 1 0 _aMechanics of machines
246 _aelementary theory and examples
250 _a4th ed.
260 _aLondon
_bArnold
_c1984
350 _a0.00
650 _aMECHANICS
650 _aMACHINERY
995 _aMAIN LIBRARY OPEN ACCESS
_D0.00
_e733761
_FCBU-MAIN LIBRARY (Kitwe)
_H1
_I12.95
_jTJ 170 Han
_M1
_UAVAILABLE
_y46124
_ZMain Library Open Access Collection
995 _aMAIN LIBRARY OPEN ACCESS
_D0.00
_e733762
_FCBU-MAIN LIBRARY (Kitwe)
_H2
_I12.95
_jTJ 170 Han
_M2
_UAVAILABLE
_y45774
_ZMain Library Open Access Collection
999 _c82837
_d82837